UBT Library

From Stalinism to pluralism : (Record no. 535)

000 -LEADER
fixed length control field 00499nam a22001577a 4500
008 - FIXED-LENGTH DATA ELEMENTS--GENERAL INFORMATION
fixed length control field 150319b xxu||||| |||| 00| 0 eng d
020 ## - INTERNATIONAL STANDARD BOOK NUMBER
International Standard Book Number 0195094468
041 0# - LANGUAGE CODE
Language code of text/sound track or separate title eng
080 ## - UNIVERSAL DECIMAL CLASSIFICATION NUMBER
Universal Decimal Classification number 94
Common auxiliary subdivision (47) (093)
245 10 - TITLE STATEMENT
Title From Stalinism to pluralism :
Statement of responsibility, etc edited by Gale Stokes.
250 ## -
-- 2nd ed.
260 ## -
-- New York :
-- Oxford University Press,
-- 1996.
300 ## -
-- 294 f. ;
-- 25 cm.
650 #0 -
-- Europa, Lindje
-- Histori
-- 1945-1989
942 ## - ADDED ENTRY ELEMENTS (KOHA)
Source of classification or shelving scheme
Item type Books
Holdings
Withdrawn status Lost status Source of classification or shelving scheme Damaged status Not for loan Collection code Permanent location Current location Shelving location Date acquired Total Checkouts Full call number Barcode Date last seen Koha item type
          Koleksioni i përgjithshem UBT - Prishtine UBT - Prishtine Koleksioni i përgjithshem 03/19/2015   94 (47) (093) STA 001-000787 03/19/2015 Books
UBT Library © 2015-2024. All rights reserved University Education for Business and Technology